Aprenda a nadar

Saved in:
Bibliographic Details
Main Author: Alvarez, Julio (Author)
Format: Book
Language:Spanish
Published: Buenos Aires Atlántida 1950
Edition:3a. ed
Subjects:
Tags: Add Tag
No Tags, Be the first to tag this record!

MARC

LEADER 00000nam a2200000 a 4500
001 UCZ0199
003 CL-VaPUC
008 950724e19500000AG |||||||||||||||||spa|d
082 0 4 |a 797.21  |b ALV  |2 21 
100 0 |a Alvarez, Julio  |e author  |9 342844 
245 1 0 |a Aprenda a nadar 
250 |a 3a. ed 
300 |a 202 p 
942 |c BK 
945 |d 19950724 00:00:00  |a lriquelm 
260 |a Buenos Aires  |b Atlántida  |c 1950 
650 7 |a DEPORTES ACUATICOS  |2 CL-VaPUC  |9 262007 
650 0 |a Natación  |9 307454 
650 0 |a Enseñanza  |9 256457 
650 0 |a Niños  |9 255605 
650 7 |a SALVAMENTOS  |2 CL-VaPUC  |9 342845 
650 7 |a ENTRENAMIENTO ATLETICO  |2 CL-VaPUC  |9 342846 
650 7 |a SALTOS ORNAMENTALES  |2 CL-VaPUC  |9 342847 
583 |a last modification  |c 19950724 00:00:00  |k Rodrigo Vera 
999 |c 237160  |d 237158 
952 |0 0  |1 0  |4 0  |6 797_210000000000000_ALV_1950  |7 0  |8 P  |9 245989  |a BIBEDU  |b BIBEDU  |c BIBEDU_PB  |d 2019-11-18  |i 154148K  |o 797.21 ALV 1950  |p 154148K  |r 2024-01-25  |w 2019-11-18  |y BK  |k EDU